[Event "Lagoas op 4th"]
[Site "Lagoas"]
[Date "2019.09.28"]
[Round "3"]
[White "Andrade, Guilherme A de Sou"]
[Black "Pereira, Celio Antunes"]
[Result "1/2-1/2"]
[WhiteElo "1861"]
[BlackElo "2022"]
[PlyCount "79"]
[EventDate "2019.09.27"]
[EventType "swiss"]
[EventRounds "5"]
[EventCountry "BRA"]
[SourceTitle "EXT 2020"]
[Source "ChessBase"]
[SourceDate "2019.10.17"]
[SourceVersion "1"]
[SourceVersionDate "2019.10.17"]
[SourceQuality "1"]

1. d4 Nf6 2. c4 g6 3. Nc3 Bg7 4. e4 d6 5. Nf3 0-0 6. h3 e5 7. d5 a5 8. Be3 b6 9. Nd2 Na6 10. g4 Nc5 11. Be2 Nfd7 12. Qc2 Nb8 13. h4 h6 14. g5 h5 15. Bf1 Bd7 16. Bh3 Qc8 17. Bxd7 Qxd7 18. Nb3 Nba6 19. Nxc5 Nxc5 20. Bxc5 bxc5 21. a4 Qg4 22. Qd3 Rab8 23. Nb5 f5 24. Qe2 Qxe4 25. Qxe4 fxe4 26. Ra3 Rf3 27. Re3 Rf4 28. b3 Rb7 29. Rh2 Kf7 30. Kd2 Ke7 31. Kc2 Kd7 32. Nc3 Rb8 33. Nxe4 Rbf8 34. Kd3 Ke7 35. Ke2 Kd7 36. f3 Rb8 37. Kf2 Rbf8 38. Kg3 R4f7 39. Rd2 Rb8 40. Rd1 1/2-1/2

[Event "Rio de Janeiro zt 2.4"]
[Site "Rio de Janeiro"]
[Date "2011.06.24"]
[Round "7"]
[White "Pereira, Celio Antunes"]
[Black "Abdalla, Luiz Guilherme"]
[Result "0-1"]
[WhiteElo "2039"]
[BlackElo "2289"]
[PlyCount "80"]
[EventDate "2011.06.18"]
[EventType "swiss"]
[EventRounds "9"]
[EventCountry "BRA"]
[SourceTitle "CBM 143 Extra"]
[Source "ChessBase"]
[SourceDate "2011.08.29"]
[SourceVersion "1"]
[SourceVersionDate "2011.08.29"]
[SourceQuality "1"]

1. d4 d5 2. c4 e6 3. Nc3 c6 4. Nf3 dxc4 5. a4 Bb4 6. g3 Nf6 7. Bg2 c5 8. 0-0 cxd4 9. Nxd4 0-0 10. Ndb5 Nc6 11. Bf4 Bd7 12. Bc7 Qe7 13. Bd6 Bxd6 14. Nxd6 Na5 15. e4 e5 16. Ndb5 Bc6 17. Qe2 Qc5 18. Rfd1 Rfd8 19. Nc7 Rac8 20. N7d5 Bxd5 21. exd5 a6 22. Bh3 Rc7 23. Qxe5 Nb3 24. Rab1 Re7 25. Qf4 b5 26. axb5 axb5 27. Bg2 b4 28. Ne4 Nxe4 29. Bxe4 Qd6 30. Qh4 g6 31. Bf3 Rc7 32. Qg5 Rb8 33. Re1 c3 34. bxc3 bxc3 35. Qe3 Qc5 36. Qd3 Rb4 37. Re8+ Kg7 38. d6 Rd7 39. Rbe1 Rxd6 40. Qe2 Rd2 0-1

[Event "Rio de Janeiro zt 2.4"]
[Site "Rio de Janeiro"]
[Date "2011.06.23"]
[Round "5"]
[White "Pereira, Celio Antunes"]
[Black "Cuellar, Ulises"]
[Result "1/2-1/2"]
[WhiteElo "2039"]
[BlackElo "1994"]
[PlyCount "28"]
[EventDate "2011.06.18"]
[EventType "swiss"]
[EventRounds "9"]
[EventCountry "BRA"]
[SourceTitle "CBM 143 Extra"]
[Source "ChessBase"]
[SourceDate "2011.08.29"]
[SourceVersion "1"]
[SourceVersionDate "2011.08.29"]
[SourceQuality "1"]

1. e4 c5 2. Nf3 Nc6 3. d4 cxd4 4. Nxd4 g6 5. Nc3 Bg7 6. Be3 Nf6 7. Be2 0-0 8. 0-0 d5 9. exd5 Nxd5 10. Nxd5 Qxd5 11. Bf3 Qa5 12. Nxc6 bxc6 13. c3 Rb8 14. Qc1 Qc7 1/2-1/2

[Event "Rio de Janeiro zt 2.4"]
[Site "Rio de Janeiro"]
[Date "2011.06.23"]
[Round "6"]
[White "Suasnabar, Jesus"]
[Black "Pereira, Celio Antunes"]
[Result "1-0"]
[WhiteElo "1983"]
[BlackElo "2039"]
[PlyCount "41"]
[EventDate "2011.06.18"]
[EventType "swiss"]
[EventRounds "9"]
[EventCountry "BRA"]
[SourceTitle "CBM 143 Extra"]
[Source "ChessBase"]
[SourceDate "2011.08.29"]
[SourceVersion "1"]
[SourceVersionDate "2011.08.29"]
[SourceQuality "1"]

1. e4 c5 2. c3 e6 3. d4 d5 4. exd5 Qxd5 5. Nf3 Nc6 6. Bd3 cxd4 7. cxd4 Bb4+ 8. Nc3 Nf6 9. 0-0 Qd8 10. Bc2 0-0 11. Qd3 g6 12. a3 Be7 13. Bb3 e5 14. d5 Bf5 15. Qd1 Nd4 16. Nxd4 exd4 17. Qxd4 a6 18. Bh6 Re8 19. Rfe1 Bf8 20. Rxe8 Nxe8 21. Bxf8 1-0

[Event "Rio de Janeiro zt 2.4"]
[Site "Rio de Janeiro"]
[Date "2011.06.18"]
[Round "1"]
[White "Molina, Roberto Junio Brito"]
[Black "Pereira, Celio Antunes"]
[Result "1-0"]
[WhiteElo "2406"]
[BlackElo "2039"]
[PlyCount "57"]
[EventDate "2011.06.18"]
[EventType "swiss"]
[EventRounds "9"]
[EventCountry "BRA"]
[SourceTitle "CBM 143 Extra"]
[Source "ChessBase"]
[SourceDate "2011.08.29"]
[SourceVersion "1"]
[SourceVersionDate "2011.08.29"]
[SourceQuality "1"]

1. d4 Nf6 2. c4 g6 3. Nc3 Bg7 4. Nf3 0-0 5. g3 d6 6. Bg2 c5 7. d5 Nbd7 8. 0-0 Rb8 9. h3 a6 10. a4 b6 11. e4 Ne8 12. Bf4 h6 13. Qd2 Kh7 14. Rfe1 Ne5 15. Nxe5 dxe5 16. Be3 Nd6 17. b3 Qc7 18. Rac1 f5 19. f3 Bd7 20. Kh2 Rf7 21. Nd1 Rbf8 22. Nb2 fxe4 23. fxe4 Ne8 24. a5 Nf6 25. Nd3 bxa5 26. Nxc5 Bc8 27. Ra1 Nh5 28. Qxa5 Qd6 29. Ne6 1-0

[Event "Rio de Janeiro Estadual op"]
[Site "Rio de Janeiro"]
[Date "2010.01.24"]
[Round "6"]
[White "Ferreira, Kleber Victor"]
[Black "Pereira, Celio Antunes"]
[Result "1-0"]
[WhiteElo "2121"]
[BlackElo "2059"]
[PlyCount "55"]
[EventDate "2010.01.16"]
[EventType "swiss"]
[EventRounds "7"]
[EventCountry "BRA"]
[SourceTitle "EXT 2012"]
[Source "ChessBase"]
[SourceDate "2011.11.24"]
[SourceVersion "1"]
[SourceVersionDate "2011.11.24"]
[SourceQuality "1"]

1. d4 Nf6 2. Nc3 d6 3. e4 g6 4. f4 c6 5. e5 dxe5 6. fxe5 Nd5 7. Nf3 Bg7 8. Bc4 Bg4 9. 0-0 0-0 10. h3 Bf5 11. Qe2 Na6 12. a3 Nac7 13. Ne4 h6 14. c3 a5 15. Qe1 b5 16. Bb3 Ne6 17. Nh4 Bxe4 18. Qxe4 Qd7 19. Bd2 a4 20. Bc2 Ng5 21. Bxg5 hxg5 22. Nxg6 fxg6 23. Qxg6 Rf4 24. Qh7+ Kf8 25. g3 e6 26. gxf4 Nxf4 27. Bg6 Ra7 28. Rxf4+ 1-0

[Event "Rio de Janeiro State-ch"]
[Site "Rio de Janeiro"]
[Date "2008.01.27"]
[Round "6.11"]
[White "Pereira, Celio Antunes"]
[Black "Carvalho, Romildo dos Santos"]
[Result "0-1"]
[WhiteElo "2070"]
[BlackElo "1906"]
[PlyCount "87"]
[EventDate "2008.01.19"]
[EventType "swiss"]
[EventRounds "7"]
[EventCountry "BRA"]
[SourceTitle "EXT 2022"]
[Source "ChessBase"]
[SourceDate "2021.10.06"]
[SourceVersion "1"]
[SourceVersionDate "2021.10.06"]
[SourceQuality "1"]

1. e4 c6 2. d4 d5 3. e5 Bf5 4. Nf3 e6 5. Bd3 Ne7 6. 0-0 Nd7 7. c3 Bxd3 8. Qxd3 Nf5 9. Na3 Be7 10. Nc2 0-0 11. Ne3 Nh4 12. Nxh4 Bxh4 13. g3 Be7 14. Ng2 c5 15. Be3 Qb6 16. Qe2 cxd4 17. cxd4 Rfc8 18. Rfc1 Qd8 19. Qg4 Nb6 20. Bh6 Qf8 21. Re1 Kh8 22. Bc1 Rc7 23. h4 Rac8 24. a3 Nc4 25. Bg5 Bxg5 26. Qxg5 Qe7 27. Qxe7 Rxe7 28. Re2 Na5 29. Ne3 Rec7 30. Rd1 Kg8 31. Kf1 Kf8 32. f4 Nc4 33. Kf2 g6 34. Ng2 h5 35. Ne1 Na5 36. Red2 Nb3 37. Rd3 Nc1 38. Re3 a5 39. Kf3 a4 40. Kf2 Ke7 41. Kf3 Rc4 42. Kf2 Rb8 43. Rc3 Nb3 44. Ke3 0-1

[Event "Rio de Janeiro State-ch"]
[Site "Rio de Janeiro"]
[Date "2008.01.26"]
[Round "5.13"]
[White "Pacheco, Fernando Lourenco"]
[Black "Pereira, Celio Antunes"]
[Result "0-1"]
[WhiteElo "1861"]
[BlackElo "2070"]
[PlyCount "74"]
[EventDate "2008.01.19"]
[EventType "swiss"]
[EventRounds "7"]
[EventCountry "BRA"]
[SourceTitle "EXT 2022"]
[Source "ChessBase"]
[SourceDate "2021.10.06"]
[SourceVersion "1"]
[SourceVersionDate "2021.10.06"]
[SourceQuality "1"]

1. e4 c5 2. Nf3 a6 3. d4 cxd4 4. Nxd4 Nf6 5. Nc3 e5 6. Nb3 Bb4 7. f3 d5 8. exd5 Nxd5 9. Bd2 Nxc3 10. bxc3 Be7 11. Bd3 0-0 12. 0-0 f5 13. c4 Nc6 14. a3 Bf6 15. Ra2 Qc7 16. Re1 b6 17. Be3 Be6 18. Qe2 Rfe8 19. Qf2 Rab8 20. Qf1 Qf7 21. Rb1 e4 22. fxe4 fxe4 23. Be2 Ne5 24. Bf4 Rbc8 25. Nd2 Nxc4 26. Nxe4 Bd4+ 27. Kh1 Bd5 28. Ng5 Qd7 29. Rb4 b5 30. a4 Be3 31. Rxc4 Bxc4 32. Bxc4+ bxc4 33. Bxe3 Rxe3 34. c3 h6 35. Nf3 Qd3 36. Qc1 Rd8 37. Rd2 Rxf3 0-1

[Event "Rio de Janeiro tt"]
[Site "Rio de Janeiro"]
[Date "2001.08.26"]
[Round "5"]
[White "D'Oliveira, Marcos Arruda"]
[Black "Pereira, Celio Antunes"]
[Result "0-1"]
[WhiteElo "2067"]
[BlackElo "2047"]
[PlyCount "70"]
[EventDate "2001.08.18"]
[EventType "team-tourn"]
[EventRounds "5"]
[EventCountry "BRA"]
[SourceTitle "EXT 2005"]
[Source "ChessBase"]
[SourceDate "2004.11.15"]
[SourceVersion "1"]
[SourceVersionDate "2004.11.15"]
[SourceQuality "1"]

1. c4 e5 2. Nc3 Nc6 3. g3 g6 4. Bg2 Bg7 5. Nf3 Nge7 6. 0-0 0-0 7. d3 h6 8. Nd2 d6 9. Rb1 a5 10. a3 f5 11. b4 axb4 12. axb4 e4 13. Nd5 exd3 14. exd3 Ne5 15. d4 Nd3 16. Qe2 Nxc1 17. Nxe7+ Kh7 18. Rfxc1 Re8 19. Nc6 Rxe2 20. Nxd8 Rxd2 21. Rd1 Raa2 22. Rxd2 Rxd2 23. Nxb7 Bxd4 24. Rf1 Rb2 25. b5 Be6 26. Na5 Bb6 27. Ra1 Rxf2 28. Kh1 g5 29. Re1 Bf7 30. Ra1 Kg6 31. c5 Bxc5 32. Bc6 Ra2 33. Rxa2 Bxa2 34. Nb7 Bb6 35. h3 Kf6 0-1

[Event "Rio de Janeiro Magistral"]
[Site "Rio de Janeiro"]
[Date "2000.07.09"]
[Round "7.3"]
[White "Pereira, Celio Antunes"]
[Black "Mercadante, Ricardo Rodrigues"]
[Result "0-1"]
[WhiteElo "1953"]
[BlackElo "2313"]
[PlyCount "84"]
[EventDate "2000.07.??"]
[EventType "swiss"]
[EventRounds "7"]
[EventCountry "BRA"]
[SourceTitle "EXT 2003"]
[Source "ChessBase"]
[SourceDate "2002.11.25"]
[SourceVersion "1"]
[SourceVersionDate "2002.11.25"]
[SourceQuality "1"]

1. e4 c5 2. Nf3 e6 3. d4 cxd4 4. Nxd4 a6 5. Bd3 Nf6 6. 0-0 d6 7. c4 Be7 8. Nc3 Nbd7 9. Qe2 Ne5 10. Bc2 Qc7 11. Bb3 0-0 12. Kh1 Bd7 13. f4 Nc6 14. Nxc6 Bxc6 15. f5 exf5 16. Rxf5 Rae8 17. Bd2 Bd8 18. Rf4 Qe7 19. Re1 Ba5 20. Bc2 Bc7 21. Rff1 d5 22. cxd5 Nxd5 23. exd5 Qh4 24. g3 Rxe2 25. Rxe2 Qh3 26. Rfe1 Bd7 27. Be4 Bxg3 28. Rg1 Bd6 29. Reg2 Qh4 30. Be1 Qd8 31. Rf1 f5 32. Bd3 g6 33. Rfg1 Re8 34. Bd2 Kf7 35. Ne2 Qb6 36. b3 Bc5 37. Rd1 Be3 38. Bc3 f4 39. Nd4 Bh3 40. Re2 Rc8 41. Bb2 Bxd4 42. Bxd4 Qxd4 0-1